000 00700nam a2200217Ia 4500
003 GCL
008 140319s9999 xx 000 0 ara d
040 _aGCL /
_cGCL
082 0 4 _a630.62
_bس ز
100 1 _aسعد هجرس
245 1 0 _aالزراعة المصرية: الماضى , الحاضر , المستقبل /
_cسعد هجرس
300 _a621 ص
490 _aالهيئة العامة للاستعلامات
_v0
650 0 4 _aالزراعة
650 0 4 _aالمحاصيل الزراعية
650 0 4 _aالزراعة والدولة
650 0 4 _aالزراعة - تاريخ
650 0 4 _aالزراعة - محاصيل
650 0 4 _aالزراعة - مصر
942 _2ddc
_cBK
999 _c48192
_d48192